<?xml version="1.0" encoding="UTF-8"?>
<record
    xmlns:xsi="http://www.w3.org/2001/XMLSchema-instance"
    xsi:schemaLocation="http://www.loc.gov/MARC21/slim http://www.loc.gov/standards/marcxml/schema/MARC21slim.xsd"
    xmlns="http://www.loc.gov/MARC21/slim">

  <leader>00575nam a22001337a 4500</leader>
  <datafield tag="999" ind1=" " ind2=" ">
    <subfield code="c">113635</subfield>
    <subfield code="d">113635</subfield>
  </datafield>
  <controlfield tag="005">20190824092259.0</controlfield>
  <controlfield tag="008">190824b           ||||| |||| 00| 0 eng d</controlfield>
  <datafield tag="040" ind1=" " ind2=" ">
    <subfield code="c">PK-LaUMT</subfield>
  </datafield>
  <datafield tag="082" ind1=" " ind2=" ">
    <subfield code="a">954.0317</subfield>
    <subfield code="b">DIM-</subfield>
  </datafield>
  <datafield tag="245" ind1=" " ind2=" ">
    <subfield code="a">Dimensions of the war of independence 1857 a.d. :</subfield>
    <subfield code="b">proceddings of three day international history conference for celebrating the 150th anniversary of the war of independence held on March 05-07, 2008 /</subfield>
    <subfield code="c">compiled by Mohammad Akram Chaudhary and Shahid Ahmad Rajput</subfield>
  </datafield>
  <datafield tag="260" ind1=" " ind2=" ">
    <subfield code="a">Sargosha :</subfield>
    <subfield code="b">University of Sargodha,</subfield>
    <subfield code="c">2008</subfield>
  </datafield>
  <datafield tag="300" ind1=" " ind2=" ">
    <subfield code="a">130 p.</subfield>
  </datafield>
  <datafield tag="942" ind1=" " ind2=" ">
    <subfield code="c">BK</subfield>
  </datafield>
  <datafield tag="952" ind1=" " ind2=" ">
    <subfield code="0">0</subfield>
    <subfield code="1">0</subfield>
    <subfield code="4">0</subfield>
    <subfield code="7">0</subfield>
    <subfield code="a">01</subfield>
    <subfield code="b">01</subfield>
    <subfield code="d">2019-08-24</subfield>
    <subfield code="l">2</subfield>
    <subfield code="o">954.0317 DIM-</subfield>
    <subfield code="p">131099</subfield>
    <subfield code="r">2021-06-07 00:00:00</subfield>
    <subfield code="s">2021-03-29</subfield>
    <subfield code="w">2019-08-24</subfield>
    <subfield code="y">BK</subfield>
  </datafield>
</record>
